| 000 | 00667nam a22002417a 4500 | ||
|---|---|---|---|
| 005 | 20170124110147.0 | ||
| 010 | _a842990 | ||
| 020 |
_c00.00 _a0720706483 |
||
| 035 | _a842990 | ||
| 037 | _bCen Lib/Ret | ||
| 040 |
_aDPL _bEN |
||
| 082 |
_a646.2 _bCOL |
||
| 100 |
_aCollins, Marjorie _933634 |
||
| 245 |
_aKnitting / _cby Marjorie Collins |
||
| 260 |
_bPehlam Books _aLondon _c1973 |
||
| 270 |
_a52 Bedford Square _bLondon |
||
| 300 |
_a96p. : _c24cm(Hb) _bill. |
||
| 490 | _aPehlam craft series | ||
| 500 | _aIncludes index | ||
| 650 |
_aHow to knit _933635 |
||
| 650 |
_aFancy stitches and effects _933636 |
||
| 942 |
_2ddc _cEN _h646.2 _mCOL |
||
| 999 |
_c132074 _d132074 |
||